| 000 | 00433nam a2200157 4500 | ||
|---|---|---|---|
| 003 | CO-ViMGA | ||
| 020 | _a9789681834210 | ||
| 040 |
_aCO-ViMGA _bspa _cCO-ViMGA |
||
| 082 | 0 | 4 | _bLM MER y |
| 100 | 1 |
_aEscobedo , Mercedes _96340 |
|
| 245 | 1 | 0 |
_aY el viento me platicó _bLeyenda |
| 260 |
_aMexico : _bLimusa, _c2013. |
||
| 300 |
_a44 p. : _bil : 19 cm. |
||
| 650 | 1 | 4 |
_aLeyendas _vPoesías, cuentos y fábulas _96341 |
| 942 |
_2ddc _cBK |
||
| 999 |
_c37509 _d37509 |
||